000 00728nam a22001697a 4500
003 OSt
005 20251216134018.0
008 251216b |||||||| |||| 00| 0 eng d
040 _cDCL
082 _a၂၉၄.၃၈၂၄
100 0 _aအနုရုဒ္ဓါမထေရ်၊
_cအရှင်။
245 1 0 _aအဘိဓမ္မတ္ထသင်္ဂဟပါဌ် /
_cအရှင်အနုရုဒ္ဓါမထေရ်။
264 _aရန်ကုန် ၊
_bယုံကြည်ချက်စာပေ၊
_c၂၀၀၅။
300 _a၂၁၂ စာမျက်နှာ ၊
_c၁၉ စင်တီ။
650 _aအဘိဓမ္မာ။
942 _2ddc
_cSHORT TERM
_n0
999 _c2731
_d2731